Prístupy k definovaniu rizík v zahraničnom obchode a investovaní
Päť komponentov uprednostňovaných pri ratingu ekonomického rizika krajiny: komponent A - HDP na obyvateľa, komponent B - reálny ročný rast HDP, C - ročný rast inflácie, D - podiel štátneho zostatku na HDP a komponent E - podiel zostatku bežného účtu na HDP. Bodové hodnotenie jednotlivých komponentov...
Uložené v:
| Hlavný autor: | |
|---|---|
| Médium: | Kapitola |
| Jazyk: | Slovak |
| Predmet: | |
| Tagy: |
Žiadne tagy, Buďte prvý, kto otaguje tento záznam!
|
MARC
| LEADER | 00000naa a2200000 4500 | ||
|---|---|---|---|
| 001 | r034182 | ||
| 005 | 20230824100334.4 | ||
| 041 | 0 | |a slo | |
| 044 | |a SK | ||
| 245 | 1 | 0 | |a Prístupy k definovaniu rizík v zahraničnom obchode a investovaní |c Ján Artur Oberhauser |
| 520 | |a Päť komponentov uprednostňovaných pri ratingu ekonomického rizika krajiny: komponent A - HDP na obyvateľa, komponent B - reálny ročný rast HDP, C - ročný rast inflácie, D - podiel štátneho zostatku na HDP a komponent E - podiel zostatku bežného účtu na HDP. Bodové hodnotenie jednotlivých komponentov. Praktický príklad. | ||
| 610 | 2 | 0 | |a riziko |
| 610 | 2 | 0 | |a obchod medzinárodný |
| 610 | 2 | 0 | |a obchod zahraničný |
| 610 | 2 | 0 | |a rating |
| 610 | 2 | 0 | |a produkt domáci hrubý |
| 610 | 2 | 0 | |a inflácia |
| 610 | 2 | 0 | |a zostatok |
| 610 | 2 | 0 | |a účty bežné |
| 610 | 2 | 0 | |a krajiny rozvojové |
| 100 | 1 | |a Oberhauser, Ján Artur | |